Представление документа в формате RUSMARC

ПолеНазваниеЗначение
  Тип записи a
  Библиографический уровень m
001 Контрольный номер RU/CBS_UL/BASE/555068157
005 Дата корректировки 20240209174734.3
010 Индекс ISBN __
b Уточнения в пер.
d Цена 993 р. 00 к.
9 Тираж экз.
100 Данные общей обработки __
a Данные общей обработки 20170803d2017 ||| 0rusy0189 ca
101 Язык документа 0_
a Язык текста rus
102 Страна публикации __
a Страна публикации RU
105 Кодированные данные (монография) __
a Кодированные данные (монография) y###||||000|y
200 Заглавие и сведения об ответственности 1_
a Заглавие Повесть о славном мореплавателе
b Общее обозначение материала Текст
e Сведения, относящиеся к заглавию (к 200-летию со дня рождения В.М. Головнина)
f Первые сведения об ответственности В. А. Дивин
210 Выходные данные 1_
a Место издания Москва
c Издательство Мысль
d Дата издания 1976
215 Физическое описание __
a Объем 111 с.
c Иллюстрации/тип воспроизводства ил.
d Формат 16 см.
225 Серия 0_
a Серия Замечательные географы и путешественники
300 Общие примечания __
a Общие примечания Ограничения по возрасту - 12+
300 Общие примечания __
a Общие примечания Под инв. номером 51396: 5н-1
606 Тематические рубрики 0_
a Основная рубрика Головнин Василий Михайлович - (1776 - 1831)
610 Ключевые слова 0_
a Ключевые слова путешественники
a Ключевые слова мореплаватели
a Ключевые слова экспедиции кругосветные
a Ключевые слова путешествия кругосветные
686 Индексы других классификаций __
a Классификационный индекс 26.8г
2 Код системы ББК
700 Автор _1
a Фамилия Дивин
b Имя (инициалы) Василий Афанасьевич
g Полное личное имя В. А.
801 Источник записи _0
a Страна RU
b Организация МБУК ЦБС
c Дата составления 20170803
g Правила каталогизации RCR
801 Источник записи _1
a Страна RU
b Организация МБУК ЦБС г. Ульяновска
c Дата составления 20170803
g Правила каталогизации RCR
899 Данные о местонахождении __
i Авторский знак Д 44
j Расстановочный фильтр 26.8
901 Тип документа __
t Тип документа m
910 Корректоры записи __
a Корректор записи Плотникова